Herbicide handbook of the Weed Science Society of America /

Bibliographic Details
Corporate Authors: Weed Science Society of America. Herbicide Handbook Committee, Weed Society of America
Other Authors: Mullison, W. R.
Format: Book
Language:English
Published: Champaign, Ill. : WSSA, 1979.
Edition:4th ed.
Subjects:

MARC

Tag First Indicator Second Indicator Subfields
LEADER 00000cam a2200000 i 4500
001 in00000047612
005 20151007073427.0
008 790606s1979 ilua b 00110 eng d
035 |a (OCoLC)05038662 
035 |9 AAE9697AM 
040 |a BKM  |c BKM  |d TXA  |d UtOrBLW 
049 |a TXAM  |c [1497619] 
090 |a SB951.4  |b  W43 1979 
110 2 |a Weed Science Society of America.  |b Herbicide Handbook Committee. 
245 1 0 |a Herbicide handbook of the Weed Science Society of America /  |c  [prepared by the WSSA Herbicide Handbook Committee; W. R. Mullison, chairman]. 
250 |a 4th ed. 
264 1 |a Champaign, Ill. :  |b WSSA,  |c 1979. 
300 |a xxxix, 479 pages :  |b illustrations ;  |c 23 cm. 
336 |a text  |b txt  |2 rdacontent 
337 |a unmediated  |b n  |2 rdamedia 
338 |a volume  |b nc  |2 rdacarrier 
500 |a First edition prepared in 1967 by the parent body under its earlier name: Weed Society of America, under title: Herbicide handbook. 
504 |a Includes bibliographical references and indexes. 
650 0 |a Herbicides  |x Handbooks, manuals, etc. 
700 1 |a Mullison, W. R. 
710 2 |a Weed Society of America.  |t Herbicide handbook. 
999 |a MARS 
999 f f |s 82db3dd9-f4df-3c2c-a623-680b076d63dc  |i 75e63b2e-5511-3a61-b615-e126be956ff0  |t 0 
952 f f |p ric  |a Texas A&M University  |b Rellis Campus  |c Joint Library Facility  |d Remote Storage  |t 0  |e SB951.4 W43 1979  |h Library of Congress classification  |i unmediated -- volume  |m A14805220505 
998 f f |a SB951.4 W43 1979  |t 0  |l Remote Storage